MUTTI KA QARIZ (Record no. 581298)

000 -LEADER
fixed length control field 00241nam a22001097a 4500
082 ## - DEWEY DECIMAL CLASSIFICATION NUMBER
Classification number 891.4391 HIM'M
100 ## - MAIN ENTRY--PERSONAL NAME
Personal name HIMIAT ALI SHAIER
9 (RLIN) 75887
245 ## - TITLE STATEMENT
Title MUTTI KA QARIZ
260 ## - PUBLICATION, DISTRIBUTION, ETC.
Place of publication, distribution, etc. KARACHI
Name of publisher, distributor, etc. PAK KITAB
Date of publication, distribution, etc. 1980
300 ## - PHYSICAL DESCRIPTION
Extent 160P
942 ## - ADDED ENTRY ELEMENTS (KOHA)
Koha item type Book
Holdings
Withdrawn status Lost status Source of classification or shelving scheme Damaged status Not for loan Permanent Location Current Location Shelving location Date acquired Shelving control number Full call number Barcode Date last seen Price effective from Koha item type Public note
          College of Electrical & Mechanical Engineering (CEME) College of Electrical & Mechanical Engineering (CEME) Fiction 05/24/2017 Urdu Literature 891.4391 HIM'M CEME-12207 06/28/2021 06/28/2021 Book 1.0
© 2023 Central Library, National University of Sciences and Technology. All Rights Reserved.